000 00395nam a22001337a 4500
020 _qHB.
040 _cFIZZA ISHAQ
082 _a423
_bMER
100 _a(NO specific)
_9134316
245 _aWebster's New Collegiate Dictionary /
_c(NO specific)
260 _aNew York;
_bA. Merriam Webster, Springfield,
_c1979.
300 _a32a ; 1532 p. ; index inc,
_c9.9 x 6.9 x 2 inches ,
942 _2ddc
_cBK
999 _c617290
_d617290